00852nam a2200265Ia 450000500170000000800410001702000180005824500570007625000180013330000500015149000170020165000290021865000310024765000310027865000280030965000280033765000420036570000180040726400270042533600270045233700330047933800280051204000350054008400110057520220317001327.0161108s2002 ve a g 000 0 spa  a978980257277910aYo tenía diez perritoscilustrado por Laura Stagno a5a. edición a[22] páginasbilustraciones en colorc15 cm aClave de Sol142LEMBaPoesía infantil 142LEMBaLiteratura infantil 142LEMBaCanciones infantiles142LEMBaRimas infantiles 142LEMBaRondas infantiles142LEMB aLibros ilustrados para niños1 aStagno, Laura aCaracasbEkaréc2002 atextobtxt2rdacontent asin mediaciónbn2rdamedia avolumenbnc2rdacarrier aCO-BoRNBPbspaerdacCO-BoRNBP aP YOT1